Finding My Self: (Record no. 205621)

MARC details
000 -LEADER
fixed length control field 00648nam a22001937a 4500
005 - DATE AND TIME OF LATEST TRANSACTION
control field 20240905152326.0
010 ## - LCCN (DPL NO)
LC control number ENG-141662
020 ## - INTERNATIONAL STANDARD BOOK NUMBER
International Standard Book Number 9789354424670
Terms of availability 785.00
035 ## - SYSTEM CONTROL NUMBER
System control number EN-125194
037 ## - SOURCE OF ACQUISITION
Source of stock number/acquisition DBAD
082 ## - DEWEY DECIMAL CLASSIFICATION NUMBER
Classification number 374.05
Edition number 1
100 ## - MAIN ENTRY--PERSONAL NAME
Personal name Saint, Chand Kishore
245 ## - TITLE STATEMENT
Title Finding My Self:
Statement of responsibility, etc By Chand Kishore Saint
Remainder of title A Life in Education and Activism/
250 ## - EDITION STATEMENT
Edition statement 1
260 ## - PUBLICATION, DISTRIBUTION, ETC. (IMPRINT)
Place of publication, distribution, etc Telengana
Name of publisher, distributor, etc Orient BlackSwan Private Limited
Date of publication, distribution, etc 2017
270 ## - ADDRESS
Address 3-6-752, HimayatNagar, Hyderabad
City Telengana
Postal code 500029
Electronic mail address centraloffice@orientblackswan.com
300 ## - PHYSICAL DESCRIPTION
Extent 206p.
Other physical details index
Dimensions 22cm.(pb)
942 ## - ADDED ENTRY ELEMENTS (KOHA)
Source of classification or shelving scheme Dewey Decimal Classification
Item type English Books
Call number suffix SAI
Classification part 374.05
Edition 1
Holdings
Withdrawn status Lost status Not for loan Collection code Home library Current library Date acquired Source of acquisition Cost, normal purchase price Full call number Barcode Copy number Cost, replacement price Koha item type
      Non-fiction Sarojini Nagar Sarojini Nagar 05/09/2024 Delivery of Books Act Division 785.00 SAI 374.05 EN-125194 1 785.00 English Books

© Delhi Public Library
Hit Counter
free hit counter